| 000 | 01113nam a2200265 a 4500 | ||
|---|---|---|---|
| 001 | 000045906 | ||
| 005 | 20250924073804.0 | ||
| 008 | 150526s1989 dr a 000 0 spa d | ||
| 040 |
_aDO-SdBNP _bspa _cBNPHU |
||
| 082 |
_axxxx _bxxxx |
||
| 100 | 1 |
_aGonzález, Carlisle _937420 |
|
| 245 | 1 | 0 |
_aIntroducción a la lingüística general / _cCarlisle González, Celso J. Benavides ; presentación Fernando Sánchez Martínez. |
| 250 | _a2a ed. | ||
| 260 |
_aSanto Domingo : _bUniversitaria-UASD, _c1989. |
||
| 300 |
_a363 p. : _bil. ; _c21 cm. |
||
| 490 | 1 |
_aLingüística y sociedad _v1 |
|
| 490 | 1 |
_aPublicaciones de la Universidad Autónoma de Santo Domingo _v471 |
|
| 500 | _aIncluye referencias bibliográficas y notas al pie de las páginas. | ||
| 500 | _aPerteneció a la biblioteca personal de Erick Landestoy | ||
| 700 | 1 | 2 |
_aSánchez Martínez, Fernando, _epres. _97183 |
| 700 | 1 | 2 |
_aBenavides, Celso J. _973971 |
| 710 | 1 | 2 |
_aUniversidad Autónoma de Santo Domingo _972951 |
| 830 |
_aPublicaciones de la Universidad Autónoma de Santo Domingo _v471 _952 |
||
| 830 | 0 |
_aLingüística y sociedad. _n1 _973972 |
|
| 999 |
_c45395 _d45395 |
||